| 000 | 00467nam a2200157Ia 4500 | ||
|---|---|---|---|
| 008 | 241127s9999||||xx |||||||||||||| ||und|| | ||
| 020 |
_a9789834508937 _c1313 |
||
| 040 |
_beng _cSSK Library _erda |
||
| 082 | _a320.4595/MOH | ||
| 100 | _a Mohd Syariefudin Abdullah, Mohamad Kamal Kamaruddin & Ahmad Sohaimi Lazim | ||
| 245 | 0 | _aKenegaraan Dan Ketamadunan | |
| 260 |
_b Oxford Fajar Sdn Bhd _c©2009 |
||
| 942 |
_22ddc _cBOOK _nNo |
||
| 999 |
_c11071 _d11071 |
||
| 003 | OSt | ||
| 005 | 20241127152842.0 | ||